00000000nam##2200000za#4500
0019.517946
003CaOODSP
00520200327031541
007ta
008150406|1991||||xxc|||||     f|0| 0 eng|d
020 |a0-660-55793-2
022 |a0706-148X
040 |aCaOODSP|beng
041 |aeng
041 |afre
043 |an-cn---
0861 |aS52-2/196
1101 |aCanada.|bSecretary of State of Canada. |bTranslation Bureau.
24510|aVocabulary of educational technology and training / |cby Madeleine Brisebois and Mariette Grandchamp-Tupula.
260 |aOttawa - Ontario : |bSecretary of State of Canada. |c1991.
300 |a1005p. : |c22 cm.
4901 |aTerminology bulletin|x0706-148X|v196
504 |aBibliography.
5203 |aContains approximately 6,400 English/French vocabulary entries including basic training terms, as well as terms specific to adult education, teaching and training methods, educational technology and psychology. Terminology Bulletin 196.
546 |aBilingual
563 |aSoftcover
590 |a91-41|b1991-10-11
69007|aEducational technology|2gcpds
69007|aVocational training|2gcpds
69007|aTerminology|2gcpds
7201 |aBrisebois, Madeleine
7201 |aGrandchamp-Tupula, Mariette
7760#|tVocabulaire de technologie educative et de formation / |w(CaOODSP)9.590494
792 |tVocabulaire de technologie éducative et de formation / |efre|w(CaOODSP)9.517947
830#0|aTerminology bulletin,|x0706-148X|v196|w(CaOODSP)9.509598